000 00659nam a2200193Ia 4500
003 GCL
008 140319s9999 xx 000 0 ara d
040 _aGCL /
_cGCL
082 0 4 _a810.91
_bا ج
100 1 _aاحمد الخصخوص
245 1 0 _aالحمق والجنون فى التراث العربى من الجاهلية الى نهاية القرن الرابع /
_cاحمد الخصخوص
260 _a[S.N] :
_bالهيئة المصرية العامة للكتاب ،
_c1992
300 _a275 ص
490 _a
650 0 4 _aالادب العربى
650 0 4 _aالعصر الجاهلى
650 0 4 _aتاريخ ونقد
942 _2ddc
_cBK
999 _c35381
_d35381